| 000 | nam a22 a 4500 | ||
|---|---|---|---|
| 999 |
_c2229 _d2229 |
||
| 005 | 20170515160306.0 | ||
| 008 | 170515b2008 M ||||| |||| 00| 0 eng d | ||
| 040 | _aAKMAL | ||
| 082 | _a371.1109595 MDR | ||
| 090 |
_a371.11095958 _bMDR |
||
| 245 | _aMENJANA KEHEBATAN GURU MINDA KELAS PERTAMA | ||
| 260 |
_aMALAYSIA _c2008 |
||
| 300 |
_a106ms,; _c15 cm |
||
| 942 |
_2ddc _cBOOK |
||